Η ελληνική νεολαία στον 20ο αιώνα : πολιτικές διαδρομές, κοινωνικές πρακτικές και πολιτιστικές εκφράσεις

Αποθηκεύτηκε σε:
Λεπτομέρειες βιβλιογραφικής εγγραφής
Άλλοι συγγραφείς: Καραμανωλάκης, Βαγγέλης (Επιμελητής έκδοσης), Παπαθανασίου, Ιωάννα, 1958- (Επιμελητής έκδοσης), Ολυμπίτου, Εύη, 1962-2011 (Επιμελητής έκδοσης)
Μορφή: Βιβλίο
Γλώσσα:Greek
Δημοσίευση: Αθήνα : Θεμέλιο, 2010
Θέματα:
Ετικέτες: Προσθήκη ετικέτας
Δεν υπάρχουν, Καταχωρήστε ετικέτα πρώτοι!

MARC

LEADER 00000cam a2200000 i 4500
001 1/13467
008 110603s2010 gre d
020 |a 978-960-310-349-3 
035 |l 10110210 
040 |a GR-MY-UA  |b gre  |e aacr 
041 0 |a gre 
082 0 |a 324.09495  |2 (22) 
245 1 2 |a Η ελληνική νεολαία στον 20ο αιώνα :  |b πολιτικές διαδρομές, κοινωνικές πρακτικές και πολιτιστικές εκφράσεις /  |c επιμέλεια: Βαγγέλης Καραμανωλάκης - Εύη Ολυμπίτου - Ιωάννα Παπαθανασίου 
260 |a Αθήνα :   |b Θεμέλιο,   |c 2010 
300 |a 470 σ.;  |c 25 εκ. 
500 |a Αρχεία Σύγχρονης Κοινωνικής Ιστορίας, Ινστιτούτο Νίκος Πουλαντζάς 
650 0 0 |a Socialism and youth  |z Greece. 
650 0 0 |a Youth  |x Political activity  |z Greece. 
650 0 0 |a Women and socialism. 
650 0 0 |a Women and communism  |z Greece. 
650 0 0 |a Socialism  |z Greece  |x History  |y 20th century. 
650 0 0 |a Women and socialism  |z Greece. 
700 1 |a Καραμανωλάκης, Βαγγέλης.  |4 edt 
700 1 |a Παπαθανασίου, Ιωάννα,   |d 1958-  |4 edt 
700 1 |4 edt  |a Ολυμπίτου, Εύη,   |d 1962-2011. 
852 |a INST  |b LESVOS  |e 20110603  |h 324.09495 ΕΛΛ  |p 005100048953  |q 005100048953  |t BK  |y 0 
852 |a INST  |b LESVOS  |e 20111208  |h 324.09495 ΕΛΛ  |p 005100050892  |q 005100050892  |t BK  |y 0 
852 |a INST  |b LESVOS  |e 20131219  |h 324.09495 ΕΛΛ  |p 005100052769  |q 005100052769  |t BK  |y 0 
901 |a BIBL1-2011-2 
901 |a BIBL1-2011-3 
901 |a BIBL1-2013-3 
920 |a ΜΠΣ ΠΟΛΗ ΚΑΙ ΠΕΡΙΒΑΛΛΟΝ  |y ΛΕΣΒΟΣ  |z 2011-12 
970 |a ΤΖΑΦΕΡΗ  |b ΕΥΑΓΓΕΛΙΑ  |z 2011/06/03